| Tag |
First Indicator |
Second Indicator |
Subfields |
| LEADER |
00000cam a2200000 a 4500 |
| 001 |
in00000891740 |
| 005 |
20150923140900.0 |
| 007 |
hd afv---baca |
| 007 |
hd bfv---baaa |
| 008 |
851101r19801682miu a 00110 lat d |
| 035 |
|
|
|a (OCoLC)12748073
|
| 035 |
|
|
|9 AEL4706AM
|
| 037 |
|
|
|a CL0037000034
|b University Microfilms International
|
| 037 |
|
|
|b University Microfilms International, 300 N. Zeeb Rd., Ann Arbor, MI 48106
|
| 040 |
|
|
|a EAF
|c EAF
|d m/c
|d UtOrBLW
|
| 049 |
|
|
|a TXAI
|
| 090 |
|
|
|a BC60
|b .A76 1682
|
| 099 |
|
|
|a film
|a B
|a 3609
|
| 100 |
1 |
|
|a Arnauld, Antoine,
|d 1612-1694.
|
| 245 |
1 |
0 |
|a Logica, sive, Ars cogitandi :
|b in qua practer vvlgaver regulas plura nova habeatur ad rationem dirigendam utilia.
|
| 250 |
|
|
|a E tertia apud Gallos editione recognita & aucta in Latinum versa.
|
| 264 |
|
1 |
|a Londini :
|b Impensis R. Littlebury, R. Scot, G. Scot, G. Wells ... & R. Green ...,
|c MDCLXXXII [1682]
|
| 300 |
|
|
|a 43 unnumbered pages, 312 pages
|
| 336 |
|
|
|a text
|b txt
|2 rdacontent
|
| 337 |
|
|
|a microform
|b h
|2 rdamedia
|
| 338 |
|
|
|a microfilm reel
|b hd
|2 rdacarrier
|
| 500 |
|
|
|a Includes index.
|
| 500 |
|
|
|a Reproduction of original in the British Library.
|
| 510 |
4 |
|
|a Wing
|c A3726
|
| 533 |
|
|
|a Microfilm.
|b Ann Arbor, Mich. :
|c University Microfilms International,
|d 1980
|e 1 microfilm reel ; 35 mm.
|f (Early English books, 1641-1700 : 1029:8)
|
| 500 |
|
|
|a Microform.
|
| 650 |
|
0 |
|a Logic
|y 17th century.
|
| 740 |
0 |
|
|a Logica.
|
| 740 |
0 |
|
|a Ars cogitandi.
|
| 830 |
|
0 |
|a Early English books, 1641-1700 ;
|v 1029:8.
|
| 999 |
|
|
|a MARS
|
| 999 |
f |
f |
|s ec487aff-6fb6-3fb3-a2bc-eb20c06a53e2
|i c219caa2-c598-361c-b15f-f37bd7dd2844
|t 0
|
| 952 |
f |
f |
|p default
|a Texas A&M University
|b College Station
|c Sterling C. Evans Library
|d Evans: Microforms (3rd floor)
|t 0
|e film B 3609 1029:8
|h Other scheme
|i microform -- microfilm reel
|
| 998 |
f |
f |
|a film B 3609 1029:8
|t 0
|l Evans: Microforms (3rd floor)
|